Vista normal
Vista MARC
Entrada Nombre de reunión
Número de registros utilizados en: 2
001 - NÚMERO DE CONTROL
- Campo de control: 153
003 - IDENTIFICADOR DE NÚMERO DE CONTROL
- Campo de control: ES-MaCES
005 - FECHA Y HORA DE LA ULTIMA MODIFICACION
- Campo de control: 19990623164300.0
008 - ELEMENTOS DE DATOS DE LONGITUD FIJA
- Campo de longitud fija: 981123 | azznnaabn |n ana d
035 ## - NÚMERO DE CONTROL DEL SISTEMA
- Número de control del sistema: CES19980001629c
040 ## - FUENTE DE LA CATALOGACIÓN
- Agencia original de catalogación: ES-MaCES
- Idioma de catalogación: spa
- Agencia de transcripción: ES-MaCES
111 2# - ENCABEZAMIENTO--NOMBRE DE REUNIÓN
- Nombre de reunión o jurisdicción como elemento de entrada: Conferencia de las Naciones Unidas sobre Asentamientos Humanos (Hábitat II)
- Fecha de reunión: 1996
- Lugar de la reunión: Estambul
901 ## - CES. DATOS SIRTEX
- ID Sirtex (N5N8): 0002400000162
- 005BIS Sirtex: 199811231815MIG

